Physics for Engineers_C&D (Record no. 38017)
[ view plain ]
| 000 -LEADER | |
|---|---|
| fixed length control field | 00414nam a22001817a 4500 |
| 082 ## - DEWEY DECIMAL CLASSIFICATION NUMBER | |
| Classification number | 530 NAH |
| 100 ## - MAIN ENTRY--AUTHOR NAME | |
| Personal name | Nahari A |
| 100 ## - MAIN ENTRY--AUTHOR NAME | |
| Personal name | Sindhu R L |
| 100 ## - MAIN ENTRY--AUTHOR NAME | |
| Personal name | Haritha V G |
| 100 ## - MAIN ENTRY--AUTHOR NAME | |
| Personal name | Sini Chandran |
| 245 ## - TITLE STATEMENT | |
| Title | Physics for Engineers_C&D |
| 250 ## - EDITION STATEMENT | |
| Edition statement | 1 |
| 260 ## - PUBLICATION, DISTRIBUTION, ETC. (IMPRINT) | |
| Name of publisher | Owl Books |
| Place of publication | Trivandrum |
| Year of publication | 2025 |
| 546 ## - LANGUAGE NOTE | |
| Language note | English |
| 650 ## - SUBJECT ADDED ENTRY--TOPICAL TERM | |
| Topical Term | Physics |
| 942 ## - ADDED ENTRY ELEMENTS (KOHA) | |
| Koha item type | Text Book |
| 952 ## - LOCATION AND ITEM INFORMATION (KOHA) | |
| Damaged status | |
| Not for loan | |
| 952 ## - LOCATION AND ITEM INFORMATION (KOHA) | |
| Damaged status | |
| Not for loan | |
| 952 ## - LOCATION AND ITEM INFORMATION (KOHA) | |
| Damaged status | |
| Not for loan | |
| 952 ## - LOCATION AND ITEM INFORMATION (KOHA) | |
| Damaged status | |
| Not for loan | |
| 952 ## - LOCATION AND ITEM INFORMATION (KOHA) | |
| Damaged status | |
| Not for loan | |
| 952 ## - LOCATION AND ITEM INFORMATION (KOHA) | |
| Damaged status | |
| Not for loan | |
| 952 ## - LOCATION AND ITEM INFORMATION (KOHA) | |
| Damaged status | |
| Not for loan | |
| 952 ## - LOCATION AND ITEM INFORMATION (KOHA) | |
| Damaged status | |
| Not for loan | |
| 952 ## - LOCATION AND ITEM INFORMATION (KOHA) | |
| Damaged status | |
| Not for loan | |
| 952 ## - LOCATION AND ITEM INFORMATION (KOHA) | |
| Damaged status | |
| Not for loan | |
| Withdrawn status | Collection code | Permanent Location | Current Location | Date acquired | Source of acquisition | Cost, normal purchase price | Inventory number | Full call number | Accession Number | Price effective from | Koha item type | Shelving location |
|---|---|---|---|---|---|---|---|---|---|---|---|---|
| PHYSICS | VAST Central Library | VAST Central Library | 14/11/2025 | Minerva Books | 300.00 | 85 | 530 NAH | 37903 | 19/11/2025 | Text Book | ||
| PHYSICS | VAST Central Library | VAST Central Library | 14/11/2025 | Minerva Books | 300.00 | 85 | 530 NAH | 37904 | 19/11/2025 | Text Book | ||
| PHYSICS | VAST Central Library | VAST Central Library | 14/11/2025 | Minerva Books | 300.00 | 85 | 530 NAH | 37905 | 19/11/2025 | Text Book | RAC-11/1st Year | |
| PHYSICS | VAST Central Library | VAST Central Library | 14/11/2025 | Minerva Books | 300.00 | 85 | 530 NAH | 37906 | 19/11/2025 | Text Book | ||
| PHYSICS | VAST Central Library | VAST Central Library | 14/11/2025 | Minerva Books | 300.00 | 85 | 530 NAH | 37907 | 19/11/2025 | Text Book | ||
| PHYSICS | VAST Central Library | VAST Central Library | 14/11/2025 | Minerva Books | 300.00 | 85 | 530 NAH | 37908 | 19/11/2025 | Text Book | RAC-11/1st Year | |
| PHYSICS | VAST Central Library | VAST Central Library | 14/11/2025 | Minerva Books | 300.00 | 85 | 530 NAH | 37909 | 19/11/2025 | Text Book | ||
| PHYSICS | VAST Central Library | VAST Central Library | 14/11/2025 | Minerva Books | 300.00 | 85 | 530 NAH | 37910 | 19/11/2025 | Text Book | ||
| PHYSICS | VAST Central Library | VAST Central Library | 14/11/2025 | Minerva Books | 300.00 | 85 | 530 NAH | 37911 | 19/11/2025 | Text Book | ||
| PHYSICS | VAST Central Library | VAST Central Library | 14/11/2025 | Minerva Books | 300.00 | 85 | 530 NAH | 37912 | 19/11/2025 | Text Book |